| 000 | 00543nam a2200205Ia 4500 | ||
|---|---|---|---|
| 005 | 20250425161621.0 | ||
| 008 | 250425s9999 xx 000 0 und d | ||
| 020 | _a0444998004 | ||
| 041 | _aeng | ||
| 082 | _a624.1513 | ||
| 100 | _aFEDA, JAROSLAV | ||
| 245 | 0 | _aSTRESS IN SUBSOIL AND METHODS OF FINAL SETTLEMENT CALCULATION | |
| 250 | _a1ST ED. | ||
| 260 | _aAMSTERDAM | ||
| 260 |
_aPaĆses Bajos, Holanda _bELSEVIER SCIENTIFIC PUBLISHING _c1978 |
||
| 300 | _a215 | ||
| 650 | _aMECANICA DE SUELOS | ||
| 942 | _c01 | ||
| 010 | _a24345 | ||
| 999 |
_c212673 _d212673 |
||